lektury obowiązujące dla klas 7-8 - Statystyki

Ogólne statystyki
  • Ten quiz został rozwiązany 282 razy
    277 od ostatniego zresetowania
  • Średni wynik to 7 z 9
Statystyki odpowiedzi
podpowiedź odpowiedź % Poprawnych
Lektura o chłopcu, który opuścił swoją planetę Mały Książę
98%
Lektura o Mężczyźnie, który nienawidził Świąt, ale się zmienił(Jest dużo przeróbek tej lektury) Opowieść Wigilijna
96%
Lektura o chłopcach, którzy walczyli o niepodległą Polskę(oparte na faktach) Kamienie na szaniec
95%
Lektura o dziewczynie, która zabijała dla władzy Balladyna
92%
Lektura o sporze dwóch mężczyzn o zamek Zemsta
87%
Lektura o mieszkańcach litewskiego miasta, oczekujących na Napoleona Pan Tadeusz
73%
Lektura o Polaku, który chciał odpocząć po długiej podróży po świecie Latarnik
65%
Lektura o mężczyźnie, który się zakochał, jednak miał problem ze zdobyciem dziewczyny (dzieje się to w starożytności) Quo Vadis
63%
Lektura o ludziach, którzy przywoływali duchy i dawali im jedzenie Dziady część II
40%
Nie znaleziono quizów pasujących do podanych kryteriów
Rozkład punktacji
Procent ludzi z każdym wynikiem
Percentyl według liczby udzielonych odpowiedzi
Twoja historia wyników
Nie rozwiązałeś tego quizu od ostatniego zresetowania